Sièges sociaux par villes #2 - Statistiques

Statistiques générales
  • Ce quiz a été pris 8 fois
  • Le résultat moyen est 4 sur 16
Statistiques - réponses
Siège social (Pays) Ville % Correct
Nintendo (Japon) Kyoto
86%
Metro-Goldwyn-Mayer (États-Unis) Los Angeles
71%
Fifa (Suisse) Zurich
71%
Pyongyang Restaurant (Corée du Nord) Pyongyang
57%
Starbucks (États-Unis) Seattle
29%
Ferrari (Italie) Maranello
14%
Huawei (Chine) Shenzhen
14%
Toyota (Japon) Toyota
14%
Parmalat (Italie) Collechio
0%
Mazda (Japon) Fuchu
0%
Jiangxi Copper (Chine) Guixi
0%
PFK (États-Unis) Louisville
0%
Pearson Erpi (Canada) Montréal
0%
McDonald(États-Unis) Oak Brook
0%
Suzlon Energy (Inde) Pune
0%
Quanta Computer (Taïwan) Taoyuan
0%
Aucun quiz correspondant
Distribution des résultats
% des personnes avec chaque résultat
Percentile par nombre de réponses
Votre historique - résultats
Vous n’avez pas pris ce quiz